000 01159naa a22003137a 4500
001 BR8805925
003 BR-BrBNA
005 20240918181741.0
007 ta
008 230509b bl.||||| |||| 00| 0 por d
040 _aBR-BrBNA
_bpor
_cBiblioteca Nacional de Agricultura
041 _a(Pt)
072 _aL02
_b1540
_b1970
090 _aL02 BR8805925
100 1 _aCaielli, E.L.
111 1 _a3. Congresso Brasileiro de Mandioca
_cBrasilia, DF (Brazil)
_d7-11 Nov 1983
245 1 _aUso de residuos industriais da mandioca na alimentacao animal
260 3 _aBrasilia, DF (Brasil):
_c1983.
500 _aPenna, S.F.P. de O.(ed) A mandioca na alimentacao animal Brasilia, DF (Brasil): 1983. p. 107-118 (BR8805925-AM)L02
650 _aMandioca
650 _aNutricao Animal
650 _aResiduo Industrial
650 _aIndustria Alimenticia
650 _aAlcool
650 _aFermentacao
773 0 _tA mandioca na alimentacao animal
_aPenna, S.F.P. de O.(ed). Sociedade Brasileira de Mandioca, Brasilia, DF (Brasil)
_wL02 BR8805925
_gBrasilia, DF (Brasil), 1983. p. 107-118
909 _a202404
_bLucia
_c55
_dLucia Elande
942 _cAM
_2AGRIS
999 _c326660
_d326660